Вып. 29; Композиционные полимерные материалы

Dades bibliogràfiques
Parent link:Композиционные полимерные материалы: республиканский межведомственный сборник научных трудов/ Академия наук Украинской ССР (АН УССР), Институт химии высокомолекулярных соединений (ИХВС) ; отв. ред. Е. В. Лебедев. Вып. 29.— , 1979-1991
Idioma:rus
Publicat: 1986
Matèries:
Format: Llibre
KOHA link:https://koha.lib.tpu.ru/cgi-bin/koha/opac-detail.pl?biblionumber=277976

MARC

LEADER 00000nam2a2200000 4500
001 277976
005 20231101235052.0
035 |a (RuTPU)RU\TPU\book\301253 
035 |a RU\TPU\book\301248 
090 |a 277976 
100 |a 20141208d19711986k y0rusy50 ca 
101 0 |a rus 
102 |a UA 
105 |a a z 001zy 
200 0 |a Вып. 29 
210 |d 1986 
215 |a 88 с.  |c ил. 
320 |a Библиогр. в конце ст. 
461 1 |0 (RuTPU)RU\TPU\book\143378  |t Композиционные полимерные материалы  |o республиканский межведомственный сборник научных трудов  |f Академия наук Украинской ССР (АН УССР), Институт химии высокомолекулярных соединений (ИХВС) ; отв. ред. Е. В. Лебедев  |v Вып. 29  |d 1979-1991 
606 1 |a Полимерные материалы  |2 stltpush  |3 (RuTPU)RU\TPU\subj\68289  |9 83717 
610 1 |a исследования 
610 1 |a композиционные материалы 
610 1 |a физико-химические свойства 
610 1 |a механические свойства 
610 1 |a каучук 
610 1 |a реологические характеристики 
610 1 |a полимеры 
610 1 |a полиуретаны 
610 1 |a пластмассы 
610 1 |a флуоресценция 
610 1 |a эпоксидные компаунды 
610 1 |a полиамиды 
675 |a 678.5  |v 4 
801 1 |a RU  |b 63413507  |c 20070801  |g PSBO 
801 2 |a RU  |b 63413507  |c 20171222  |g PSBO 
942 |c BK